Statistiques concernant Culture Générale - Série 887

Cliquez ici pour prendre le quiz!

Statistiques générales

  • Ce quiz a été pris 42 fois
  • Le résultat moyen est 4 sur 10

Statistiques - réponses

QuestionRéponse% Correct
Quel nom porte le théâtre d'opéra de Milan ?La Scala
86%
Quelle rivière arrose la ville de Grenoble ?Isère
83%
Maladie très ancienne, due à une déficience en vitamine C que l'on retrouvait sur les navires et dans les prisonsscorbut
69%
Le Brahmapoutre est un fleuve d'Asie qui traverse la Chine, l'Inde et le ...Bangladesh
64%
Dans quel département français se trouve le gouffre de Padirac ?Lot
50%
Habitant créole à la peau blanche de la Martinique et de la Guadeloupe descendant des premiers colons européensbéké
33%
Dans la mythologie grecque, elle est l'une des filles d'Oedipe et de Jocaste, dont l'anagramme est "Siemen"Ismène
10%
Comment se nomme la monnaie de la Corée ?won
10%
Maladie due à une carence en vitamine B1 qui était très répandue à la fin du XIXe siècle et au début du XXe, surtout dans les populations pauvres d'Asie vivant de rizbéribéri
5%
Qu'est ce qu'une sacolève ?voilier
0%

Distribution des résultats

Percentile par nombre de réponses

% des personnes avec chaque résultat

Votre développement - résultats

Vous n’avez pas pris ce quiz